UEFA European Championship Winners - Statistics

General Stats
  • This quiz has been taken 44 times
  • The average score is 14 of 15
Answer Stats
Year Country Runner Up % Correct
1996 Germany Czech Republic
100%
1980 Germany Belgium
100%
1972 Germany Soviet Union
100%
2016 Portugal France
100%
2012 Spain Italy
100%
2008 Spain Germany
100%
1964 Spain Soviet Union
100%
2000 France Italy
98%
1984 France Spain
98%
1968 Italy Yugoslavia
98%
1992 Denmark Germany
95%
2004 Greece Portugal
95%
1988 Netherlands Soviet Union
95%
1960 Soviet Union Yugoslavia
89%
1976 Czechoslovakia Germany
64%
No matching quizzes found
Score Distribution
Percent of People with Each Score
Percentile by Number Answered
Your Score History
You have not taken this quiz